陕西省县级行政区划 - Statistics

General Stats
  • This quiz has been taken 105 times
  • The average score is 56 of 107
Answer Stats
城市 区县 % Correct
西安市 碑林区
92%
西安市 鄠邑区
92%
西安市 周至县
90%
西安市 雁塔区
88%
西安市 长安区
88%
西安市 莲湖区
86%
西安市 未央区
84%
西安市 临潼区
82%
西安市 蓝田县
82%
西安市 阎良区
80%
咸阳市 秦都区
78%
西安市 新城区
76%
西安市 灞桥区
76%
西安市 高陵区
76%
榆林市 神木市
76%
渭南市 华阴市
72%
延安市 宝塔区
70%
宝鸡市 陈仓区
68%
宝鸡市 眉县
66%
渭南市 韩城市
66%
宝鸡市 凤县
64%
渭南市 潼关县
64%
延安市 富县
64%
宝鸡市 太白县
62%
咸阳市 杨陵区
62%
咸阳市 渭城区
62%
榆林市 府谷县
62%
咸阳市 三原县
60%
渭南市 富平县
60%
宝鸡市 扶风县
58%
咸阳市 泾阳县
58%
铜川市 王益区
56%
铜川市 耀州区
56%
宝鸡市 渭滨区
56%
咸阳市 彬州市
56%
渭南市 蒲城县
56%
铜川市 印台区
54%
铜川市 宜君县
54%
宝鸡市 凤翔区
54%
咸阳市 乾县
54%
咸阳市 武功县
54%
渭南市 华州区
54%
商洛市 柞水县
54%
延安市 黄陵县
54%
汉中市 宁强县
52%
汉中市 佛坪县
52%
安康市 宁陕县
52%
商洛市 商州区
52%
榆林市 定边县
52%
咸阳市 礼泉县
50%
渭南市 大荔县
50%
汉中市 勉县
50%
安康市 汉滨区
50%
榆林市 榆阳区
50%
榆林市 靖边县
50%
榆林市 米脂县
50%
咸阳市 兴平市
48%
渭南市 澄城县
48%
汉中市 汉台区
48%
汉中市 洋县
48%
延安市 洛川县
48%
延安市 子长市
48%
宝鸡市 岐山县
46%
宝鸡市 麟游县
46%
咸阳市 旬邑县
46%
渭南市 临渭区
46%
渭南市 白水县
46%
宝鸡市 金台区
44%
咸阳市 长武县
44%
渭南市 合阳县
44%
汉中市 南郑区
44%
汉中市 城固县
44%
商洛市 商南县
44%
宝鸡市 陇县
42%
咸阳市 淳化县
42%
安康市 紫阳县
42%
商洛市 洛南县
42%
延安市 安塞区
42%
延安市 延长县
42%
宝鸡市 千阳县
40%
商洛市 丹凤县
40%
延安市 延川县
40%
榆林市 绥德县
40%
咸阳市 永寿县
38%
汉中市 略阳县
38%
安康市 汉阴县
38%
安康市 旬阳市
38%
延安市 志丹县
38%
汉中市 西乡县
36%
安康市 石泉县
36%
榆林市 横山区
36%
榆林市 佳县
36%
榆林市 清涧县
36%
榆林市 子洲县
36%
汉中市 镇巴县
34%
汉中市 留坝县
34%
安康市 镇坪县
32%
商洛市 山阳县
32%
商洛市 镇安县
32%
延安市 甘泉县
32%
安康市 白河县
30%
延安市 吴起县
30%
延安市 宜川县
30%
榆林市 吴堡县
30%
安康市 岚皋县
28%
安康市 平利县
28%
延安市 黄龙县
28%
No matching quizzes found
Score Distribution
Percent of People with Each Score
Percentile by Number Answered
Your Score History
You have not taken this quiz